The Balkan wars / (Record no. 23426)

MARC details
000 -LEADER
campo de control de longitud fija 01602cam a2200493Mi 4500
001 - NÚMERO DE CONTROL
campo de control 103593
005 - FECHA Y HORA DE LA ÚLTIMA TRANSACCIÓN
campo de control 20230410103647.0
008 - DATOS DE LONGITUD FIJA--INFORMACIÓN GENERAL
campo de control de longitud fija 020227s2002 nyu 000 0 eng d
035 ## - NÚMERO DE CONTROL DEL SISTEMA
Número de control de sistema (OCoLC)ocn248257091
040 ## - FUENTE DE CATALOGACIÓN
Centro catalogador/agencia de origen GyGoGBV
Normas de descripción rakwb
Lengua de catalogación ger
Centro/agencia transcriptor GBVCP
Centro/agencia modificador CHVBK
015 ## - NÚMERO DE BIBLIOGRAFÍA NACIONAL
Número de bibliografía nacional 046-50273
015 ## - NÚMERO DE BIBLIOGRAFÍA NACIONAL
Número de bibliografía nacional bA2-Y5179
020 ## - NÚMERO INTERNACIONAL ESTÁNDAR DEL LIBRO
Número Internacional Estándar del Libro 0465027318
020 ## - NÚMERO INTERNACIONAL ESTÁNDAR DEL LIBRO
Número Internacional Estándar del Libro 9780465027316
024 8# - IDENTIFICADOR DE OTROS ESTÁNDARES
Número estándar o código GEIwh000045279
024 8# - IDENTIFICADOR DE OTROS ESTÁNDARES
Número estándar o código isbula08839
029 1# - OTRO NÚMERO DE CONTROL DE SISTEMA (OCLC)
Identificador de la biblioteca OCLC CHVBK
Número de control de sistema 01695856X
035 ## - NÚMERO DE CONTROL DEL SISTEMA
Número de control de sistema (OCoLC)248257091
082 00 - NÚMERO DE LA CLASIFICACIÓN DECIMAL DEWEY
Número de clasificación 949.61014
084 ## - OTRO NÚMERO DE CLASIFICACIÓN
Número de clasificación 15.70 ; Balkanstaaten <Geschichte>
Fuente del número bcc
049 ## - FONDOS LOCALES (OCLC)
Biblioteca depositaria GRAL
050 14 - SIGNATURA TOPOGRÁFICA DE LA BIBLIOTECA DEL CONGRESO
Número de clasificación 300 DR 36
Número de ítem G377t 2002
100 1# - ENTRADA PRINCIPAL--NOMBRE DE PERSONA
Nombre de persona Gerolymatos, Andre.
245 14 - MENCIÓN DEL TÍTULO
Título The Balkan wars /
Mención de responsabilidad, etc. Andre Gerolymatos.
250 ## - MENCION DE EDICION
Mención de edición 1. ed.
260 ## - PUBLICACIÓN, DISTRIBUCIÓN, ETC.
Lugar de publicación, distribución, etc. New York :
Nombre del editor, distribuidor, etc. BasicBooks,
Fecha de publicación, distribución, etc. 2002.
300 ## - DESCRIPCIÓN FÍSICA
Extensión XVIII, 297 S :
Otras características físicas Ill.
650 #4 - PUNTO DE ACCESO ADICIONAL DE MATERIA--TÉRMINO DE MATERIA
Término de materia o nombre geográfico como elemento de entrada 20150700
653 #0 - TÉRMINO DE INDIZACIÓN--NO CONTROLADO
Término no controlado Balkan Peninsula
-- History
-- To 1500
653 #0 - TÉRMINO DE INDIZACIÓN--NO CONTROLADO
Término no controlado Balkanhalbinsel ; SWD-ID: 40043344
653 #0 - TÉRMINO DE INDIZACIÓN--NO CONTROLADO
Término no controlado Balkankriege ; SWD-ID: 43595042
653 #0 - TÉRMINO DE INDIZACIÓN--NO CONTROLADO
Término no controlado Christianity and other religions
-- Balkan Peninsula
-- Islam
653 #0 - TÉRMINO DE INDIZACIÓN--NO CONTROLADO
Término no controlado Geschichte
-- 1300-1914
653 #0 - TÉRMINO DE INDIZACIÓN--NO CONTROLADO
Término no controlado Islam
-- Balkan Peninsula
-- Relations
-- Christianity
650 #7 - PUNTO DE ACCESO ADICIONAL DE MATERIA--TÉRMINO DE MATERIA
Término de materia o nombre geográfico como elemento de entrada Ethnischer Konflikt
Subdivisión geográfica Sèudosteuropa
Subdivisión cronológica Geschichte.
Fuente del encabezamiento o término idsbb
650 #7 - PUNTO DE ACCESO ADICIONAL DE MATERIA--TÉRMINO DE MATERIA
Término de materia o nombre geográfico como elemento de entrada Balkankriege.
Fuente del encabezamiento o término idsbb
650 #7 - PUNTO DE ACCESO ADICIONAL DE MATERIA--TÉRMINO DE MATERIA
Término de materia o nombre geográfico como elemento de entrada Krieg
Subdivisión geográfica Sèudosteuropa
Subdivisión cronológica Geschichte.
Fuente del encabezamiento o término idsbb
650 #7 - PUNTO DE ACCESO ADICIONAL DE MATERIA--TÉRMINO DE MATERIA
Término de materia o nombre geográfico como elemento de entrada Krieg
Subdivisión geográfica Sèudosteuropa
Subdivisión general Geschichte
Subdivisión cronológica 1389-1999.
Fuente del encabezamiento o término idszbz
651 #7 - PUNTO DE ACCESO ADICIONAL DE MATERIA--NOMBRE GEOGRÁFICO
Nombre geográfico Sèudosteuropa
Subdivisión general Politik
Subdivisión cronológica Geschichte.
Fuente del encabezamiento o término idsbb
651 #7 - PUNTO DE ACCESO ADICIONAL DE MATERIA--NOMBRE GEOGRÁFICO
Nombre geográfico Sèudosteuropa
Subdivisión general Krieg
-- Geschichte
Subdivisión cronológica 1389-1999.
Fuente del encabezamiento o término idszbz
942 ## - ELEMENTOS DE ENTRADA SECUNDARIOS (KOHA)
Fuente del sistema de clasificación o colocación Clasificación de Library of Congress
Tipo de ítem Koha
994 ## -
-- C0
-- DRFGD
946 ## - PROCESAMIENTO DE INFORMACIÓN LOCAL (OCLC)
a rg
Holdings
Estatus retirado Estado de pérdida Fuente del sistema de clasificación o colocación Estado de daño No para préstamo Colección Biblioteca de origen Biblioteca actual Ubicación en estantería Fecha de adquisición Serial enumeration / chronology Signatura topográfica completa Código de barras Visto por última vez Copia número Tipo de ítem Koha
    Clasificación de Library of Congress     Recursos Regionales Biblioteca Juan Bosch Biblioteca Juan Bosch Recursos Regionales (2do. Piso) 10/04/2023 1 300 DR 36 G377t 2002 00000092497 23/10/2018 1